00197nam a2200073Ia 4500008004100000100002200041245003200063260002800095190216s9999||||xx |||||||||||||| ||und|| aOrusangam Lekakar 0aViswamahagrandhangal Part-1 bKerala Bhasha Institute